| 000 | 00716cab a2200253 4500 | ||
|---|---|---|---|
| 001 | WB3113-24 | ||
| 008 | 090401t1995 xxu||||| |||| 00| 0 eng d | ||
| 035 | _a(Sirsi) u41108 | ||
| 041 | _aeng | ||
| 245 | _aProperty video | ||
| 260 | _c1995 | ||
| 350 | _a0 | ||
| 490 |
_aIndependent _v25 March 1995, 40(1) |
||
| 520 | _aVideos, sponsored by Alliance and Leicester, featuring regional details of up to 100 houses for sale are being sold through Asda supermarket. | ||
| 650 | _aALLIANCE AND LEICESTER | ||
| 650 | _aASDA | ||
| 650 | _aHOUSE SALES | ||
| 650 | _aRESIDENTIAL AGENCY | ||
| 650 |
_aRESIDENTIAL PROPERTY _96266 |
||
| 650 | _aVIDEO | ||
| 690 | _aHOUSING | ||
| 942 | _n0 | ||
| 948 | _c04/03/1997 | ||
| 999 |
_c26393 _d26393 |
||